| 000 | 00872namaa2200289 4500 | ||
|---|---|---|---|
| 008 | |||
| 020 | _a069729448X (pbk.) | ||
| 049 | _aMAIN | ||
| 090 | 0 |
_aRM316 _bCAR |
|
| 100 | 1 | _aCarroll, Charles R. | |
| 245 | 1 | 0 |
_aDrugs in modern society / _cCharles R. Carroll ; with contributions by Lynne H. Durrant. |
| 250 | _a5th ed. | ||
| 260 |
_aBoston : _bMcGraw-Hill, _cc2000. |
||
| 300 |
_axvi, 395p : _bill. (some col.) ; _c28 cm. |
||
| 500 | _aIncludes index. | ||
| 504 | _aIncludes bibliographical references. | ||
| 650 | 0 | _aDrug abuse. | |
| 650 | 0 | _aSubstance abuse. | |
| 650 | 0 |
_aDrugs _xPhysiological effect. |
|
| 650 | 0 | _aNeuropsychopharmacology. | |
| 700 | 1 | _aDurrant, Lynne H. | |
| 907 |
_a.b10289069 _b29-01-14 _c05-01-11 |
||
| 003 | |||
| 005 | 20230120204040.0 | ||
| 040 | _cNUST | ||
| 942 |
_cBOOKS _kRM316 _mCAR |
||
| 999 |
_c116207 _d116207 |
||